01271nam a2200277 i 4500003000900000005001700009007000300026008004100029040003000070082002100100100004100121245006700162264006600229300003400295336002700329337003400356338002800390500021500418504004300633590002700676700003700703910001400740942001400754952020800768999001700976DO-SdBNP20241010102634.0ta241010s1967 xxu 000 0 spa d aDO-SdBNPbspacBNPHUerda a309.18bL7672221 aLipset, Seymour Martin911765eautor10aElites in Latin America /cSeymour Martin Lipset, Aldo Solari. 1aNew York, Estados Unidos : bOxford University Press, c1967. axii, 531 páginas, c20 cm. atextobtxt2rdacontent asin mediación bn2rdamedia avolumenbnc2rdacarrier a"Resultado de un Seminario sobre Élites y Desarrollo en América Latina celebrado en la Universidad de Montevideo, Uruguay, en junio de 1965. La conferencia fue convocada conjuntamente por los dos editores." aIncluye referencias bibliográficas.  aInventariado, 2024/ YL1 4aut.aSolari, Aldoeautor986681 aYLockward 2ddccLBS1 00102ddc56708GRaBNPHUbBNPHUcCTd2014-10-01eDonación l0oBNPHU GR 309.18 L767p2024-5701r2024-10-10w2024-10-10yLBS1zPerteneció a la biblioteca personal de Chiqui Vicioso/Fidelio Despradel c57810d57810